007270000a22001810004500090001400000245008900014650002200103650002800125650003100153650004100184651001800225041001400243100002900257942001300286773007400299999001700373952015500390 aARb0398210aEcoturismo sosteniblesalternativa de desarrollo basada en la diversidad biológica14aEcoturismo99248514aRiesgo ambiental91333214aDesarrollo sostenible927814aEstrategias de conservación992602 4pPerú9927490 aEspañol1 aSalas, Antonio W.997695 cARTICULO1 thttp://www.conam.gob.pe/endb/docs/ecotursost/ecot&biod.htmq1-4d1999 c13016d13016 001040718HEMEROTECAaBogotabBogotad2015-02-27hFuera de circulaciónl0oAR 03982p017537r2015-03-25 00:00:00w2015-03-25xDonaciónyARTICULO